000 00652nam a2200193 i 4500
001 166266
003 ES-MaACL
005 20230906213309.0
008 050913s1860 fr | |||||||| ||fre d
040 _aCAM
_bspa
_cCAM
100 1 _aThomas, André.
_9133219
245 1 4 _aLes ouvriers de Paris /
_cpar André Thomas.
260 _aParis :
_bL'Ecrivain et Toubon,
_c[1860?] (
_fTyp. Gaittet)
300 _a107 p. :
_bil. ;
_c29 cm.
594 _aTit. y autor tomados de pag.1.
596 _aEd. encabeza pag.1 e imp. consta en colofón.
597 _aTexto a dos col.
852 _aES-MaACL
_jR-1707(1)
_z-- Enc. hol.
_z-- Enc. en un vol. facticio
999 _c166266
_d166266